La verdad sospechosa /

Guardado en:
Autor Principal: Ruíz de Alarcón, Juan
Formato: Libro
Publicado: Rosario : Apis, 1968
Materias:
Etiquetas: Agregar Etiqueta
Sin Etiquetas, Sea el primero en etiquetar este registro!
LEADER 00418nam a22001575a 4500
001 CEM.cems005651
005 20060221000000.0
008 130507s1968##################000#0#####d
003 CEMS
082 0 4 |a 862.1 
100 1 |a Ruíz de Alarcón, Juan 
245 1 0 |a La verdad sospechosa / 
260 |a Rosario :  |b Apis,  |c 1968 
300 |a 278 p. 
653 |a Literatura 
859 |a CEMS  |b BIB. CEMS - 11 de abril  |h 862.1  |i R859-1  |p 4622.75  |t Ej.1